Borders - Country Borders - True or False #1 - Statistics

General Stats
  • This quiz has been taken 66 times
  • The average score is 11 of 15
Answer Stats
Question Answer % Correct
Papua New Guinea and East Timor False
100%
Namibia and Zambia True
100%
Liechtenstein and Germany False
90%
Belarus and Estonia False
80%
Spain and Morocco True
80%
Italy and Slovenia True
80%
North Korea and China True
80%
Singapore and Malaysia False
70%
Denmark and Sweden False
70%
Norway and Russia True
70%
Brunei and Indonesia False
60%
Serbia and Albania False
60%
United Kingdom and Spain True
60%
Saudi Arabia and Bahrain False
50%
Namibia and Zimbabwe True
40%
No matching quizzes found
Score Distribution
Percent of People with Each Score
Percentile by Number Answered
Your Score History
You have not taken this quiz